Normal view
MARC view
- Farid, Khawaja Ghulam
Entry Personal Name
001 - CONTROL NUMBER
- control field: 16507
003 - CONTROL NUMBER IDENTIFIER
- control field: NUST
005 - DATE AND TIME OF LATEST TRANSACTION
- control field: 20190703064910.0
008 - FIXED-LENGTH DATA ELEMENTS
- fixed length control field: 190703|| aca||aabn | a|a d
040 ## - CATALOGING SOURCE
- Original cataloging agency: NUST
- Transcribing agency: NUST
100 ## - HEADING--PERSONAL NAME
- Personal name: Farid, Khawaja Ghulam
670 ## - SOURCE DATA FOUND
- Source citation: Work cat.: (NUST): Farid, Khawaja Ghulam, Hayat-ul-Mehbob /, 2005.
